LEADER 01946nam a2200325 i 4500 001 000000227041 003 CaOOAMICUS 005 20220215102532.0 008 140212s1733 it u000 u ita u 013 $a205943 026 $aI.S. e.e. diPO "p"f (3) 1773 (R) 040 $aSeMil$bita 100 1 $aBacci, Pietro Giacomo,$d.$0(OLS)http://semarc/name/19176 245 10$aVita novissima del Santo patriarca e taumaturgo Filippo Neri, appostolo di Roma, della congregazione dell'oratorio .. 250 $aSeconda edizione, ampliata di nuove giunte da questo segno * notate, e e di dodici vite de' più insigni discepoli del Santo, alunni della sua scuola. Dal P. Domenico Sonzonio della congregazione dell'oratorio di Venezia 260 $aIn Padova :$bNella Stamperia del Seminario. Appresso Giovanni Manfrè,$c1733. 300 $a[16], 533, [11] p., [1] carta. di tav. :$britr. ;$c4°. 500 $aFront. stampato in rosso e nero. - Iniz., fregi e finalini xilogr. 500 $aMarca editoriale: Fenice tra le fiamme volge lo sguardo verso il sole. Motto: Post fata resurgo (Repertorio consultato: Marques d'impressors, Univ. di Barcellona). 500 $aSegn.: pg4 2*4 A-3Y4 600 04$aNeri, Filippo .$0(OLS)http://semarc/subject/1201 700 1 $aManfrè, Giovanni,$c.$0(OLS)http://semarc/name/1034 710 2 $aTipografia del Seminario$b.$0(OLS)http://semarc/name/1033 850 $aSeMil 852 $aSeMil$W1$xVenegono$y1$m3J IV 2 FA$j177387$B177387$CSeMilBibl$Z2$F188222 $8I 941 1 $a2 961 $aLascito: Bidoglio don Maurizio 996 $6245$aVita novissima del Santo patriarca e taumaturgo Filippo Neri, appostolo di Roma, della congregazione dell'oratorio ..$9(OLS)http://semarc/title/325024 996 $6260$aIn Padova :$bNella Stamperia del Seminario. Appresso Giovanni Manfrè$9(OLS)http://semarc/publisher/52975 LEADER 01329nam a2200289 i 4500 001 000000037225 003 CaOOAMICUS 005 20120424000000.0 008 120424s1974 it u000 u ita u 013 $a7449 040 $aSeMil$bita 100 1 $aBühlmann, Walbert .$0(OLS)http://semarc/name/16649 240 10$aEs kommt die dritte Kirche : Eine Analyse der kirclichen Gegenwart und Zukunft.$0(OLS)http://semarc/title/52016 245 13$aLa terza Chiesa alle porte :$bun'analisi del presente e del futuro ecclesiali /$cWalbert Bühlmann. 260 $aAlba :$bEdizioni Paoline,$ccopyr. 1974. 300 $a436 p. ;$c22 cm. 490 0 $aTeologia [Marietti]v3 500 $aContiene : Bibliografia. 650 4$aEcclesiologia.$0(OLS)http://semarc/subject/42996 650 4$aMissioni.$0(OLS)http://semarc/subject/3486 650 4$aTeologia - Testi - Sec. 20.$0(OLS)http://semarc/subject/6488 830 0$aTeologia ;$v3.$0(OLS)http://semarc/title/278 850 $aSeMil 852 $aSeMil$W1$xVenegono$y1$m2D II 173$j3380$B3380$CSeMilBibl$Z2$F3380 $81 961 $aOmaggio: Deposito 996 $6245$aLa terza Chiesa alle porte :$bun'analisi del presente e del futuro ecclesiali$9(OLS)http://semarc/title/52015 996 $6260$aAlba :$bEdizioni Paoline$9(OLS)http://semarc/publisher/31155